| 000 | 00955cab a2200265 4500 | ||
|---|---|---|---|
| 001 | ABS59495 | ||
| 008 | 090401t1998 xxu||||| |||| 00| 0 eng d | ||
| 035 | _a(Sirsi) u89161 | ||
| 041 | _aeng | ||
| 100 | _aShapiro, Eric F. | ||
| 245 | _aCourt establishes a limit on damages for dilapidations | ||
| 260 | _c1998 | ||
| 350 | _a0 | ||
| 490 |
_aCSM (Chartered Surveyor Monthly) _v8(2) October 1998, 50-51(2) |
||
| 520 | _aAccounts the general principle on assessing damages for breach of repair covenants, as arising from the case "Shortlands Investments Ltd v Cargill Plc" (WB3047-23). Considers the basis of valuation from "Joyner v Weeks". | ||
| 650 | _aBREACH OF COVENANTS | ||
| 650 | _aDAMAGES | ||
| 650 |
_aDilapidations _96235 |
||
| 650 | _aJOYNER V WEEKS | ||
| 650 | _aREPAIR COVENANTS | ||
| 650 | _aSHORTLANDS INVESTMENTS LTD V CARGILL PLC | ||
| 690 | _aLANDLORD AND TENANT-BUSINESS TENANCIES | ||
| 942 | _n0 | ||
| 948 | _c21/10/1998 | ||
| 999 |
_c56385 _d56385 |
||